000 00675nam a22002417a 4500
999 _c33232
_d33232
001 2300
003 CO-MdFUSB
005 20170901094159.0
008 170901t1987 xxu||||| |||| 00| 0 eng d
020 _a0-8091-2897-7
040 _aCO-MdFUSB
_bspa
_cCO-MdFUSB
_dCO-MdFUSBC
_erda
041 0 _aeng
082 0 4 _aG 223.2 S6421p
100 1 _aSmith, Mark S. (1955-)
_eautor
245 1 0 _aPsalms:
_bThe divine journey
_c / Mark S. Smith
264 4 _aNew York, USA :
_bPaulist,
_c©1987
300 _a84 Pag
336 _2rdacontent
_a1
_ba1
337 _2rdamedia
_a2
_b5
338 _2rdacarrier
_a2
_b5
653 _aInterpretación de la Biblia A.T. - Salmos
942 _cBK